Nuts--Lil Peep - Statistics

General Stats
  • This quiz has been taken 680 times
  • The average score is 118 of 165
Answer Stats
% Correct
I
97%
you
95%
no
92%
in
91%
can
90%
get
90%
it
89%
see
89%
that
89%
That
89%
your
89%
eyes,
88%
a
87%
now
87%
now,
87%
out
87%
wanna
87%
need
84%
right
84%
the
84%
on
81%
Baby,
75%
baby,
75%
hear
75%
just
75%
my
75%
me,
73%
of
71%
bus
70%
we
69%
with
66%
then
65%
cold
62%
nuts
62%
touch
62%
back
61%
One
61%
one
61%
heart
60%
kiss,
60%
make
60%
warm
60%
feel
59%
love
59%
pussy
59%
remember
59%
Girl,
58%
trust
58%
Trust
58%
fuckin',
57%
time
56%
came
55%
got
55%
nothin'
55%
take
55%
can't
54%
enough
54%
for
54%
know
54%
eatin'
53%
other
53%
alive
52%
sound
52%
than
52%
Smokin'
51%
gettin'
50%
part,
48%
Yeah,
48%
best
47%
Put
47%
sun
47%
up
47%
could
45%
til
45%
that's
44%
town
44%
hoes
43%
they
43%
this
42%
All
39%
leave
39%
Same
39%
overlook
38%
us
36%
Drive
35%
loud,
34%
our
32%
places
32%
Camaros
31%
nookie
31%
took
31%
woah
29%
No matching quizzes found
Score Distribution
Percent of People with Each Score
Percentile by Number Answered
Your Score History
You have not taken this quiz